[Event "Czech Open"]
[Site "Pardubice CZE"]
[Date "2001.07.25"]
[Round "6"]
[White "Jackova,J"]
[Black "Meister,Y"]
[Result "0-1"]
[WhiteElo "2350"]
[BlackElo "2461"]

1.e4 c5 2.Nf3 e6 3.Nc3 a6 4.d4 cxd4 5.Nxd4 b5 6.Bd3 Bb7 7.O-O Qc7 8.Be3 Nf6
9.a3 Nc6 10.Nb3 d6 11.f4 Be7 12.Qf3 O-O 13.Qh3 b4 14.axb4 Nxb4 15.e5 dxe5
16.fxe5 Qxe5 17.Ra5 Nxd3 18.Rxe5 Nxe5 19.Qg3 Ng6 20.Bc5 Bxc5+ 21.Nxc5 Bc6
22.Qd6 Rac8 23.Nxa6 Rfd8 24.Qg3 Bb7 25.Nb4 Rd4 26.Nd3 Rg4 27.Qh3 Rxg2+ 28.Qxg2 Bxg2
29.Kxg2 Nh4+ 30.Kf2 Nf5 31.Ke2 Ng4 32.Rf4 h5 33.h3 Nge3 34.Ne1 g5 35.Ra4 Kg7
36.Kd3 Kg6 37.b4 Nc4 38.Ra6 Ne5+ 39.Kd2 Rb8 40.b5 Nd6 41.Ke3 Nxb5 42.Ne4 Nc7
43.Ra4 Rb1 44.Ke2 Nd5 45.Ra5 Nf4+  0-1

[Event "Keres Mem Open"]
[Site "Tallinn EST"]
[Date "2001.07.25"]
[Round "1"]
[White "Budylina,S"]
[Black "Miezis,N"]
[Result "0-1"]
[WhiteElo "2076"]
[BlackElo "2524"]

1.e4 c5 2.Nf3 e6 3.d4 cxd4 4.Nxd4 a6 5.Nc3 Qc7 6.g3 Bb4 7.Bd2 Nf6 8.Bg2 Nc6
9.Nxc6 dxc6 10.O-O Bd6 11.Be3 e5 12.h3 Be6 13.f4 b5 14.a3 Rd8 15.Qf3 h5 16.Rad1 Qe7
17.Rf2 Bc5 18.Rxd8+ Kxd8 19.Rd2+ Kc8 20.Bxc5 Qxc5+ 21.Qf2 Qxf2+ 22.Kxf2 h4
23.f5 hxg3+ 24.Kf3 Bd7 25.Ne2 Rh4 26.Nxg3 c5 27.Ke3 Kc7 28.Nh1 c4 29.Nf2 Bc6
30.Bf3 Rf4 31.Ng4 Nxe4 32.Nxe5 Rxf5 33.Rd7+ Bxd7 34.Kxe4 Rf6  0-1

[Event "MTO"]
[Site "Biel SUI"]
[Date "2001.07.26"]
[Round "4"]
[White "Becker,Mart"]
[Black "Kritz,L"]
[Result "0-1"]
[WhiteElo "2134"]
[BlackElo "2423"]

1.e4 c5 2.Nf3 e6 3.d4 cxd4 4.Nxd4 a6 5.Nc3 b5 6.Bd3 Qb6 7.Be3 Bc5 8.Be2 Nc6
9.Nxc6 dxc6 10.Bxc5 Qxc5 11.Qd3 e5 12.O-O-O Qe7 13.Kb1 Nf6 14.Rhg1 Bd7 15.Qe3 O-O
16.g4 Rfd8 17.g5 Ne8 18.f4 exf4 19.Qxf4 Be6 20.e5 Rxd1+ 21.Bxd1 Qc5 22.Rg2 Rd8
23.Bf3 Kf8 24.Qe4 b4 25.Na4 Qb5 26.b3 Bd5 27.Qh4 Bxf3 28.g6 Rd1+  0-1

[Event "Dutch Open"]
[Site "Dieren NED"]
[Date "2001.07.26"]
[Round "9"]
[White "Werle,J"]
[Black "Brodsky,M"]
[Result "1/2-1/2"]
[WhiteElo "2412"]
[BlackElo "2528"]

1.e4 c5 2.Nc3 e6 3.Nf3 a6 4.d4 cxd4 5.Nxd4 Qc7 6.Bd3 Nf6 7.O-O Bd6 8.Kh1 Nc6
9.Nxc6 bxc6 10.f4 e5 11.f5 Bb7 12.Bd2 Be7 13.Qe2 d5 14.Rae1 d4 15.Nd1 c5
16.Nf2 h5 17.b3 h4 18.Nh3 Nd7 19.Qg4 Nf6 20.Qe2 Nd7 21.Qg4 Nf6 22.Qf3 Nd7
23.Ng5 Qd8 24.f6 Bxf6 25.Bc4 Rf8 26.Nh7 Rg8 27.Ng5 Rf8 28.Nh7 Rg8 29.Bg5 Qe7
30.Nxf6+ gxf6 31.Bxf6 Nxf6 32.Qxf6 Qxf6 33.Rxf6 Rg5 34.Rxf7 O-O-O 35.Rf5 Rxf5
36.Be6+ Kc7 37.Bxf5 d3 38.c4 Kb6 39.Kg1 Ka5 40.a3 d2 41.Rd1 Rd3 42.Kf2 Bc6
43.g4 hxg3+ 44.hxg3 Be8 45.g4 Bf7 46.Bc8 Kb6 47.Bf5 Ka5 48.Kg2 Kb6 49.Kf2  1/2-1/2

[Event "Czech Open"]
[Site "Pardubice CZE"]
[Date "2001.07.26"]
[Round "7"]
[White "Jaracz,P"]
[Black "Shestoperov,A"]
[Result "1/2-1/2"]
[WhiteElo "2521"]
[BlackElo "2429"]

1.e4 c5 2.Nf3 e6 3.Nc3 a6 4.d4 cxd4 5.Nxd4 Nc6 6.Be2 Qc7 7.O-O Nf6 8.Kh1 Nxd4
9.Qxd4 Bc5 10.Qd3 b5 11.f4 Bb7 12.Bf3 O-O 13.e5 Ne8 14.Bxb7 Qxb7 15.f5 f6
16.Bf4 Be7 17.exf6 Nxf6 18.Rae1 b4 19.Ne2 Qd5 20.fxe6 Bc5 21.Qxd5 Nxd5 22.exd7 Rfd8
23.Rd1 Rxd7 24.c4 bxc3 25.Nxc3 Nf6 26.Rxd7 Nxd7 27.Rd1 Nf6 28.h3 Re8 29.Kh2 h6
30.a3 g5 31.Bd6 Ba7 32.Bc7 Kf7 33.Bd8 Bb8+ 34.Kg1 Nh5 35.Bb6 Re6 36.Bf2 Nf4
37.Kf1 Rc6 38.Rd8 Be5  1/2-1/2

[Event "Czech Open"]
[Site "Pardubice CZE"]
[Date "2001.07.26"]
[Round "7"]
[White "Berger,Stev"]
[Black "Lingnau,C"]
[Result "0-1"]
[WhiteElo "2311"]
[BlackElo "2423"]

1.e4 c5 2.Nf3 e6 3.d4 cxd4 4.Nxd4 a6 5.Nc3 b5 6.Bd3 Qb6 7.Nb3 Qc7 8.f4 Bb7
9.Bd2 b4 10.Ne2 Nf6 11.Ng3 Be7 12.O-O h5 13.Qe2 h4 14.Nh1 h3 15.g4 d5 16.e5 Ne4
17.Be3 Nd7 18.Rac1 Ndc5 19.Bd4 g6 20.Nf2 a5 21.Bb5+ Kf8 22.Nd3 Rc8 23.Qe3 Rh4
24.g5 Kg8 25.Rf3 a4 26.Nbxc5 Nxc5 27.Nf2 a3 28.bxa3 bxa3 29.Rxh3 Rxh3 30.Qxh3 Qa5
31.Bf1 Ne4 32.Nxe4 dxe4 33.Qe3 Qb4 34.c4 Rd8 35.Kg2 Qd2+  0-1

[Event "Keres Mem Open"]
[Site "Tallinn EST"]
[Date "2001.07.26"]
[Round "3"]
[White "Teemae,L"]
[Black "Sergejev,R"]
[Result "0-1"]
[WhiteElo "2120"]
[BlackElo "2324"]

1.e4 c5 2.Nf3 e6 3.d4 cxd4 4.Nxd4 a6 5.Nc3 b5 6.g3 Bb7 7.Bg2 Nf6 8.O-O b4
9.Nd5 exd5 10.exd5 Bc5 11.Re1+ Kf8 12.Nf5 d6 13.Bg5 h6 14.Bf4 Bc8 15.Nd4 Qb6
16.c3 Bb7 17.Qe2 Nbd7 18.Nf5 Re8 19.Qd2 Ne5 20.h3  0-1

[Event "ch-Paris Open"]
[Site "Paris FRA"]
[Date "2001.07.28"]
[Round "8"]
[White "Valuet,B"]
[Black "Kuzmin,G"]
[Result "1/2-1/2"]
[WhiteElo "2269"]
[BlackElo "2542"]

1.e4 c5 2.Nf3 e6 3.d4 cxd4 4.Nxd4 a6 5.Nc3 Qc7 6.g3 Bb4 7.Ne2 Nf6 8.Bg2 O-O
9.Bf4 Qb6 10.O-O Nc6 11.Na4 Qd8 12.Nd4 d5 13.exd5 Nxd5 14.Nxc6 bxc6 15.Be5 Qa5
16.c4 Ne7 17.Bd6 Bxd6 18.Qxd6 Ra7 19.Qc5 Qxc5 20.Nxc5 Nf5 21.Rfe1 Rd8 22.Rad1 Nd4
23.Rd3 f6 24.f4 Re7 25.Bh3 Ree8 26.Re4 e5 27.Bxc8 Rxc8 28.fxe5 fxe5 29.Nd7 Red8
30.Nxe5 c5 31.Kg2 Re8 32.Rde3 Nc2 33.Rc3 Nd4 34.Re1 Re6 35.Nf3 Rxe1 36.Nxe1 Re8
37.Nd3 Re2+ 38.Kh3 h5 39.Nxc5 g5 40.g4 h4 41.Nd7 Ne6 42.Nf6+ Kf7 43.Nd5 Rxb2
44.Rb3 Rxa2 45.Rb7+ Kf8 46.Rb8+ Kf7 47.Rb7+  1/2-1/2

[Event "Keres Mem Open"]
[Site "Tallinn EST"]
[Date "2001.07.28"]
[Round "6"]
[White "Sepp,O"]
[Black "Kveinys,A"]
[Result "1/2-1/2"]
[WhiteElo "2442"]
[BlackElo "2535"]

1.e4 c5 2.Nf3 e6 3.d4 cxd4 4.Nxd4 a6 5.Nc3 b5 6.Bd3 Qb6 7.Be3 Bc5 8.Be2 Nc6
9.Nxc6 Bxe3 10.fxe3 dxc6 11.Qd4 Qxd4 12.exd4 e5  1/2-1/2

[Event "Open"]
[Site "Novosibirsk RUS"]
[Date "2001.07.29"]
[Round "11"]
[White "Frolov,D"]
[Black "Belozerov,A"]
[Result "1/2-1/2"]
[WhiteElo "2446"]
[BlackElo "2507"]

1.e4 c5 2.Nf3 e6 3.d4 cxd4 4.Nxd4 a6 5.Nc3 b5 6.Be2 Bb7 7.a3 Qc7 8.O-O Nf6
9.Bf3 d6 10.g3 Be7 11.Bg2 O-O 12.f4 Nbd7 13.Qe2 Rfe8 14.g4 Nb6 15.g5 Nfd7
16.h4 Bf8 17.h5 Qc5  1/2-1/2

[Event "Keres Mem Open"]
[Site "Tallinn EST"]
[Date "2001.07.29"]
[Round "7"]
[White "Rytshagov,M"]
[Black "Miezis,N"]
[Result "1/2-1/2"]
[WhiteElo "2501"]
[BlackElo "2524"]

1.e4 c5 2.Nf3 e6 3.d4 cxd4 4.Nxd4 a6 5.Nc3 Qc7 6.Be2 b5 7.O-O Bb7 8.Re1 Nc6
9.Nxc6 dxc6 10.e5 Ne7 11.Bd3 O-O-O 12.Qf3 Ng6 13.Qg3  1/2-1/2

[Event "MTO"]
[Site "Biel SUI"]
[Date "2001.07.30"]
[Round "7"]
[White "Tseitlin,Ma"]
[Black "Prasad,D"]
[Result "0-1"]
[WhiteElo "2509"]
[BlackElo "2440"]

1.e4 c5 2.Nf3 e6 3.Nc3 a6 4.d4 cxd4 5.Nxd4 b5 6.Be2 Bb7 7.Bf3 Qc7 8.O-O d6
9.Re1 Be7 10.a4 bxa4 11.Bh5 g6 12.Bg4 e5 13.Nd5 Bxd5 14.exd5 Nf6 15.Bh6 Bf8
16.Bg5 Nxg4 17.Qxg4 Qd7 18.Qh4 Bg7 19.Bh6 O-O 20.Nf3 Bxh6 21.Qxh6 f6 22.c4 Ra7
23.Nd2 Rb7 24.Ra2 Rb4 25.Qe3 a5 26.f4 Na6 27.Rf1 Nc5 28.fxe5 fxe5 29.Rxf8+ Kxf8
30.Ra1 Kg7 31.Rf1 Qe7 32.Qc3 h6 33.h3 Rb8 34.Re1 Qa7 35.Kh2 Rf8 36.Nf3 Kh7
37.Qe3 Qb6 38.Re2 Rf4 39.Nxe5 dxe5 40.Qxe5 Rf7 41.d6 Qc6 42.Rd2 Nd7 43.Qe6 Kg7
44.Qg4 Qc5 45.Rd5 Qe3 46.Rxa5 Ne5 47.Qd1 Nf3+ 48.gxf3 Qf2+ 49.Kh1 Rxf3 50.Ra7+ Kf6  0-1

[Event "Keres Mem Open"]
[Site "Tallinn EST"]
[Date "2001.07.30"]
[Round "8"]
[White "Khamatgaleev,A"]
[Black "Lutsko,I"]
[Result "1-0"]
[WhiteElo "2412"]
[BlackElo "2359"]

1.e4 c5 2.Nf3 e6 3.Nc3 a6 4.d4 cxd4 5.Nxd4 d6 6.Be2 Qc7 7.O-O b5 8.a4 b4
9.Na2 Nf6 10.Bf3 Bb7 11.Re1 Nbd7 12.Nxb4 Nc5 13.Nd5 exd5 14.exd5+ Kd8 15.b4 Ncd7
16.Nc6+ Kc8 17.Bf4 Bxc6 18.dxc6 Ne5 19.b5 h5 20.Qd4 Nxf3+ 21.gxf3 Rb8 22.c4 Be7
23.Ra2 Rd8 24.Rae2 Bf8 25.Bg5 d5 26.Bf4 Bd6 27.Bxd6 Rxd6 28.Re7 Qa5 29.c5 Re6
30.R1xe6 fxe6 31.b6 Qe1+ 32.Kg2 h4 33.h3 Qb1 34.Qxf6  1-0

[Event "Open"]
[Site "Korinthos GRE"]
[Date "2001.08.01"]
[Round "5"]
[White "Kerimov,E"]
[Black "Mastrovasilis,A"]
[Result "0-1"]
[WhiteElo "2119"]
[BlackElo "2441"]

1.e4 c5 2.Nf3 e6 3.d4 cxd4 4.Nxd4 a6 5.Nc3 Qc7 6.Be2 Nf6 7.Be3 Bb4 8.O-O Bxc3
9.bxc3 Nxe4 10.Bd3 d5 11.Qg4 f5 12.Qf3 O-O 13.c4 e5 14.Nb3 dxc4 15.Bxe4 fxe4
16.Qxe4 cxb3 17.cxb3 Nc6 18.Rac1 Bf5 19.Qc4+ Kh8 20.Rfd1 Rad8 21.Bg5 Rxd1+
22.Rxd1 h6 23.Bh4 Qf7 24.Qc3 Qh5 25.Rc1  0-1

[Event "FSGM August"]
[Site "Budapest HUN"]
[Date "2001.08.04"]
[Round "1"]
[White "Balogh,C"]
[Black "Varga,Zo"]
[Result "1-0"]
[WhiteElo "2347"]
[BlackElo "2518"]

1.e4 c5 2.Nf3 e6 3.d4 cxd4 4.Nxd4 a6 5.Nc3 Qc7 6.Be2 Nf6 7.O-O Bb4 8.Qd3 Bxc3
9.bxc3 d5 10.exd5 Nxd5 11.c4 Nf4 12.Bxf4 Qxf4 13.c5 O-O 14.Bf3 Qc7 15.Rab1 Qxc5
16.Bxb7 Bxb7 17.Rxb7 Nc6 18.Nxe6 fxe6 19.Qd7 Qe5 20.Qxc6 Rac8 21.Qa4 Rf4
22.Rxg7+ Qxg7 23.Qxf4 Rxc2 24.Qa4 Qb2 25.Qe8+ Kg7 26.Qe7+  1-0

[Event "UPI"]
[Site "Mancha Real ESP"]
[Date "2001.08.04"]
[Round "6"]
[White "De la Paz,F"]
[Black "Almagro Mazariegos,S"]
[Result "1-0"]
[WhiteElo "2461"]
[BlackElo "2296"]

1.e4 c5 2.Nf3 e6 3.d4 cxd4 4.Nxd4 a6 5.Nc3 Nc6 6.Be3 Qc7 7.Bd3 Nf6 8.O-O Ne5
9.Nf3 Bc5 10.Nxe5 Qxe5 11.Bxc5 Qxc5 12.Na4 Qc7 13.c4 d6 14.Rc1 O-O 15.c5 Bd7
16.cxd6 Qxd6 17.Nc3 Bc6 18.Qe2 e5 19.Rfd1 Qe7 20.Bc4 Rfd8 21.Nd5 Bxd5 22.exd5 Qd6
23.Rc3 Rac8 24.Re3 e4 25.h3 Rc5 26.Bb3 Rdc8 27.Qd2 R5c7 28.Ree1 Rd8 29.Re2 Re7
30.Qd4 h6 31.a3 Rc7 32.Bc2 Rc5 33.Bb3 a5 34.Ba2 Rdc8 35.Qe3 Kf8 36.Red2 Rc1
37.Bb1 Rxd1+ 38.Rxd1 Re8 39.Rd4 Rc8 40.g3 Kg8 41.Bxe4 Re8 42.Qd3 Nxe4 43.Rxe4 Rxe4
44.Qxe4 Kf8 45.Kg2 b5 46.b4 axb4 47.Qxb4 Ke7 48.Kf3 Qxb4 49.axb4 Kd6 50.Ke4 g6
51.g4 Ke7 52.h4 Kd6 53.g5  1-0

[Event "Open"]
[Site "Korinthos GRE"]
[Date "2001.08.05"]
[Round "9"]
[White "Panagiotopolous,A"]
[Black "Mastrovasilis,A"]
[Result "0-1"]
[WhiteElo "2132"]
[BlackElo "2441"]

1.e4 c5 2.Nf3 e6 3.d4 cxd4 4.Nxd4 a6 5.Nc3 Qc7 6.Be3 Nf6 7.Bd3 Nc6 8.O-O h5
9.h3 b5 10.Nb3 Ne5 11.f4 Nc4 12.Bxc4 bxc4 13.Nd2 Bb7 14.Qe2 Rc8 15.Rad1 Qc6
16.e5 Nd5 17.Nxd5 Qxd5 18.c3 Be7 19.Nf3 Qc6 20.Rd4 O-O 21.Rfd1 Rfd8 22.Kh1 Qb5
23.Ng5 Bxg5 24.fxg5 Qxe5 25.Qxh5 Qg3 26.Qe2 Qxh3+ 27.Kg1 Bxg2 28.Rh4 Qxh4
29.Qxg2 Rb8 30.Rd4 Qe1+  0-1

[Event "Open"]
[Site "Korinthos GRE"]
[Date "2001.08.05"]
[Round "9"]
[White "Graf,A"]
[Black "Bellia,F"]
[Result "1-0"]
[WhiteElo "2610"]
[BlackElo "2401"]

1.e4 c5 2.Nf3 e6 3.d4 cxd4 4.Nxd4 a6 5.Nc3 b5 6.Bd3 Qb6 7.Be3 Bc5 8.Nce2 Nf6
9.c3 Ng4 10.Bc1 e5 11.O-O Qf6 12.h3 h5 13.hxg4 hxg4 14.Nf5 g6 15.Nfg3 Qh4
16.Re1 d6 17.Be3 Bxe3 18.fxe3 f5 19.exf5 gxf5 20.Bxf5  1-0

[Event "Pricenet Cup"]
[Site "Olomouc CZE"]
[Date "2001.08.05"]
[Round "5"]
[White "Bjornsson,S"]
[Black "Dudas,Jan"]
[Result "0-1"]
[WhiteElo "2297"]
[BlackElo "2238"]

1.e4 c5 2.Nf3 e6 3.d4 cxd4 4.Nxd4 a6 5.Nc3 Qc7 6.Be2 Bb4 7.O-O Nf6 8.Bf3 Nc6
9.Nxc6 dxc6 10.Be3 b5 11.e5 Nd5 12.Bxd5 cxd5 13.Qg4 Bf8 14.Rad1 b4 15.Ne2 g6
16.Nd4 Bg7 17.f4 O-O 18.Rf3 Bb7 19.Rh3 Qe7 20.f5 Bxe5 21.Bg5 exf5 22.Qh4 f6
23.Bh6 Rfe8 24.Rf1 f4 25.Nb3 g5 26.Qf2 Bxb2 27.Rd3 a5 28.Nc5 Bc6 29.Rb3 Bc3
30.h4 Qe5 31.Nd3 Qe4 32.Rxc3 bxc3 33.Re1 Qg6 34.hxg5 fxg5 35.Ne5 Qxh6 36.Ng4 Qg7
37.Rd1 h5 38.Nh2 Qa7 39.Rd4 Re4 40.Nf3 Rae8  0-1

[Event "Mipap Cup"]
[Site "Olomouc CZE"]
[Date "2001.08.05"]
[Round "6"]
[White "Balabaev,F"]
[Black "Tolstikh,N"]
[Result "0-1"]
[WhiteElo "2167"]
[BlackElo "2436"]

1.e4 c5 2.Nf3 e6 3.d4 cxd4 4.Nxd4 a6 5.Nc3 b5 6.a3 Bb7 7.Be3 Qc7 8.Bd3 Nf6
9.O-O d6 10.f4 Nbd7 11.Kh1 Be7 12.Qe2 O-O 13.Rf3 Rfe8 14.Rh3 Bf8 15.g4 Nc5
16.Bd2 e5 17.fxe5 Rxe5 18.Re3 Rae8 19.Nd5 Nxd5 20.exd5 Bxd5+ 21.Kg1 Rxe3
22.Bxe3 g6 23.Qf2 Bg7 24.Bf1 Qe7 25.Re1 Qe4  0-1

[Event "Valoz Cup"]
[Site "Olomouc CZE"]
[Date "2001.08.06"]
[Round "7"]
[White "Calzetta,M"]
[Black "Livshits,G"]
[Result "0-1"]
[WhiteElo "2308"]
[BlackElo "2272"]

1.e4 c5 2.Nf3 e6 3.d4 cxd4 4.Nxd4 a6 5.Nc3 b5 6.a3 Bb7 7.Bd3 Qb6 8.Nf3 Qc7
9.O-O d6 10.Re1 Nd7 11.Bf4 Ngf6 12.Qe2 Be7 13.Rad1 Ne5 14.Bxb5+ axb5 15.Nxb5 Qb6
16.Nxd6+ Bxd6 17.Nxe5 Bxe5 18.Bxe5 Nxe4 19.Rd4 f6 20.Rxe4 fxe5 21.Rxe5 O-O
22.c4 Rac8 23.Rxe6 Qd4 24.Re7 Bc6 25.Rd1 Qc5 26.Rc1 Qg5 27.f4 Qxf4 28.Re1 Qd4+
29.Kh1 Kh8 30.b3 Ba8 31.Qe5 Qg4 32.Qe2 Qg6 33.c5 Rxc5 34.b4 Rc2 35.Re8 Bxg2+
36.Kg1 Be4+  0-1

[Event "Stork YM"]
[Site "Hengelo NED"]
[Date "2001.08.07"]
[Round "3"]
[White "Jackova,J"]
[Black "Janssen,R"]
[Result "1/2-1/2"]
[WhiteElo "2350"]
[BlackElo "2437"]

1.e4 c5 2.Nf3 e6 3.Nc3 a6 4.d4 cxd4 5.Nxd4 b5 6.Bd3 Bb7 7.O-O Qc7 8.Kh1 Nf6
9.a3 d6 10.f4 Be7 11.Qf3 Nc6 12.Be3 O-O 13.Qg3 Nd7 14.Nxc6 Bxc6 15.f5 Bf6
16.fxe6 fxe6 17.Qh3 e5 18.a4 bxa4 19.Bc4+ Kh8 20.Be6 g6 21.Bd5 Rab8 22.Bxc6 Qxc6
23.Nd5 Rxb2 24.Bh6 Bg7 25.Ne7 Qxc2 26.Nxg6+ hxg6 27.Bc1+ Kg8 28.Qe6+ Kh7
29.Qh3+ Kg8 30.Qe6+ Kh7 31.Qh3+  1/2-1/2

[Event "US Open"]
[Site "Framingham USA"]
[Date "2001.08.08"]
[Round "5"]
[White "Schneider,I"]
[Black "Ritvin,S"]
[Result "1-0"]
[WhiteElo "2182"]
[BlackElo "2256"]

1.e4 c5 2.Nf3 e6 3.Nc3 a6 4.d4 cxd4 5.Nxd4 d6 6.Bc4 Nf6 7.Bb3 Nc6 8.O-O Be7
9.Be3 Qc7 10.f4 Na5 11.g4 Nxb3 12.cxb3 h5 13.g5 Ng4 14.Qf3 e5 15.Nd5 Qd8
16.Nf5 Bxf5 17.Bb6 Qd7 18.exf5 Kf8 19.h3 Qxf5 20.hxg4 hxg4 21.Nxe7 Qc2 22.Qg2 Qxg2+
23.Kxg2 Kxe7 24.Rac1 Rac8 25.fxe5 dxe5 26.Rc4 Ke6 27.Rfc1 Rxc4 28.Rxc4 f5
29.gxf6 gxf6 30.Rxg4 Rc8 31.Rc4 Rg8+ 32.Kf1 f5 33.Rc7 Kd6 34.Rf7 f4 35.Ba5 Rh8
36.Bc3 Rh5 37.Rxb7 Kd5  1-0

[Event "Stork YM"]
[Site "Hengelo NED"]
[Date "2001.08.08"]
[Round "5"]
[White "Vink,N"]
[Black "Kritz,L"]
[Result "1/2-1/2"]
[WhiteElo "2281"]
[BlackElo "2423"]

1.e4 c5 2.Nf3 e6 3.d4 cxd4 4.Nxd4 a6 5.Nc3 b5 6.Bd3 Qb6 7.Nb3 Qc7 8.O-O Bb7
9.a3 Nf6 10.Bg5 Be7 11.Qe2 d6 12.Rae1 Nbd7 13.Kh1 Rc8 14.f4 h6 15.Bxf6 Bxf6
16.Nd1 h5 17.c3 g5 18.e5 dxe5 19.f5 Ke7 20.fxe6 fxe6 21.Nf2 g4 22.Nd2 Bh4
23.Be4 Rcf8 24.Qe3 Qc5 25.Bxb7 Rxf2 26.Rxf2 Qxe3 27.Rxe3 Bxf2 28.Re2 Nc5
29.Bxa6 Nxa6 30.Rxf2 Nc5 31.Re2 Rd8 32.g3 Na4 33.c4 Nxb2 34.cxb5 Rd5 35.b6 Rb5
36.b7 Rxb7 37.Rxe5 Rd7 38.Re2 Ra7 39.Nb3 Nd3 40.Nd4 Rxa3 41.Nxe6 Kf6 42.Kg2 Nc1
43.Rc2  1/2-1/2

[Event "Valoz Cup"]
[Site "Olomouc CZE"]
[Date "2001.08.08"]
[Round "10"]
[White "Simacek,P"]
[Black "Livshits,G"]
[Result "1/2-1/2"]
[WhiteElo "2404"]
[BlackElo "2272"]

1.e4 c5 2.Nf3 e6 3.Nc3 a6 4.d4 cxd4 5.Nxd4 b5 6.g3 Bb7 7.Bg2 Nf6 8.Qe2 b4
9.Na4 d5 10.e5 Nfd7 11.c4 Nb6 12.Nxb6 Qxb6 13.Be3 Bc5 14.Rd1 dxc4 15.Bxb7 Qxb7
16.O-O Bxd4 17.Bxd4 O-O 18.Qxc4 Nc6 19.Bc5 Rfc8 20.Qe4 b3 21.axb3 Qxb3 22.Rd7 Qb5
23.Bd4 Nxd4 24.Qxd4 Rab8 25.Rd1 h6 26.Qf4 Rf8 27.R1d2 Rbc8 28.Kg2 Rc4 29.R2d4 Qxd7
30.Rxd7 Rxf4 31.gxf4 Rb8 32.Ra7 Rxb2 33.Rxa6 Kh7 34.Ra7 Kg6 35.Kg3 Rb3+ 36.f3 Rb1
37.Kg2 Rb2+ 38.Kg3 Rc2 39.h4 h5 40.Rb7 Ra2 41.Rc7 Ra4  1/2-1/2

[Event "Slavonija Swiss"]
[Site "Vukovar CRO"]
[Date "2001.08.08"]
[Round "7"]
[White "Hodak,S"]
[Black "Zivkovic,Vj"]
[Result "1-0"]
[WhiteElo "2288"]
[BlackElo "2356"]

1.e4 c5 2.Nf3 e6 3.Nc3 a6 4.d4 cxd4 5.Nxd4 Qc7 6.Be2 Nf6 7.O-O Nc6 8.Bg5 Be7
9.Bf3 O-O 10.Re1 d6 11.h3 Bd7 12.Nxc6 Bxc6 13.Qe2 b5 14.a3 h6 15.Bf4 Nd7
16.Rad1 Ne5 17.Bxe5 dxe5 18.Na2 a5 19.c3 Rfb8 20.Rc1 Rb7 21.Rc2 Be8 22.Nc1 Rc8
23.Rd1 b4 24.axb4 axb4 25.c4 Bc5 26.b3 Ra8 27.Ra2 Rxa2 28.Qxa2 Bd4 29.Ne2 Ra7
30.Qd2 Bc5 31.Rb1 Qb8 32.Nc1 Bd4 33.Ne2 Bc5 34.Nc1 Rd7 35.Nd3 Qb6 36.Rd1 Rd8
37.Qe1 Bd6 38.Qe2 Kf8 39.Qc2 Rc8 40.Rc1 Qd4 41.Rd1 Qa7 42.Rc1 f6 43.Bg4 Kf7
44.h4 g6 45.Qd2 h5 46.Bh3 Bf8 47.Qe2 Bc6 48.g4 Qd4 49.Re1 Rd8 50.Bf1 hxg4
51.Qxg4 Bh6 52.Nxb4 Bb7 53.Nd3 Qc3 54.Rd1 Rd4 55.h5 g5 56.Qf3 Ke7 57.Qe3 Bxe4
58.Be2 Qxb3 59.Rd2 Qc3 60.c5  1-0

[Event "FSGM August"]
[Site "Budapest HUN"]
[Date "2001.08.09"]
[Round "6"]
[White "Balogh,C"]
[Black "Fogarasi,T"]
[Result "1/2-1/2"]
[WhiteElo "2347"]
[BlackElo "2449"]

1.e4 c5 2.Nf3 e6 3.d4 cxd4 4.Nxd4 a6 5.Nc3 Qc7 6.Be2 Nc6 7.O-O Nf6 8.Kh1 Be7
9.f4 d6 10.Be3 O-O 11.a4 Re8 12.a5 Nd7 13.Nb3 Nc5 14.Nxc5 dxc5 15.Na4 Rd8
16.Qe1 Nd4 17.Nb6 Rb8 18.Bxd4 cxd4 19.Bd3 Bd7 20.e5 g6 21.Nxd7  1/2-1/2

[Event "Slavonija Swiss"]
[Site "Vukovar CRO"]
[Date "2001.08.09"]
[Round "8"]
[White "Hodak,S"]
[Black "Kirov,N"]
[Result "0-1"]
[WhiteElo "2288"]
[BlackElo "2422"]

1.e4 c5 2.Nf3 e6 3.Nc3 a6 4.d4 cxd4 5.Nxd4 Qc7 6.Be2 Nc6 7.O-O Nf6 8.Kh1 Be7
9.f4 d6 10.Be3 O-O 11.Bf3 Re8 12.Qe2 Nxd4 13.Bxd4 e5 14.Be3 Be6 15.Rfd1 Rac8
16.Rd2 exf4 17.Bxf4 Nd7 18.Rad1 Ne5 19.Bxe5 dxe5 20.Nd5 Bxd5 21.exd5 Bd6
22.Bg4 Rcd8 23.c4 g6 24.Rc2 a5 25.Rc3 b6 26.Qc2 e4 27.a3 f5 28.Be2 Bxh2 29.b4 axb4
30.axb4 Be5 31.Rh3 Bd6 32.Rb1 Qe7 33.c5 bxc5 34.b5 Ra8 35.b6 Qe5 36.Bb5 Reb8
37.Bc6 Ra1 38.b7 e3 39.Qc1 Rxb1 40.Qxb1 e2 41.Qe1 c4 42.Bb5 Bb4  0-1

[Event "Magistral BCX"]
[Site "Brasilia BRA"]
[Date "2001.08.10"]
[Round "7"]
[White "Crosa,M"]
[Black "Galego,L"]
[Result "0-1"]
[WhiteElo "2289"]
[BlackElo "2467"]

1.e4 c5 2.Nf3 e6 3.d4 cxd4 4.Nxd4 a6 5.Nc3 Qc7 6.Be3 Nf6 7.Bd3 b5 8.O-O Bb7
9.a3 Nc6 10.Qe2 Rc8 11.h3 h5 12.Nxc6 Qxc6 13.Bd4 Bc5 14.Be5 Be7 15.Rfe1 Qc5
16.Bh2 e5 17.Kh1 g5 18.Nd5 Nxd5 19.exd5 d6 20.Bf5 Qxd5 21.f3 Rc7 22.Rad1 Qc4
23.Qf2 g4 24.b3 Qc5 25.Qxc5 Rxc5 26.f4 gxh3 27.Bxh3 f6 28.Rd2 h4 29.Bg1 Rc3
30.Re3 Rxe3 31.Bxe3 Kf7 32.fxe5 fxe5 33.c4 Rg8 34.Rf2+ Ke8 35.Kh2 Rg3 36.Re2 Bc6
37.c5 dxc5 38.Bf2 Rxb3 39.Rxe5 Kd8 40.Bxc5 Bxc5 41.Rxc5 Kc7 42.Rh5 Rxa3 43.Rxh4 Ra2
44.Kg1 a5 45.g4 b4 46.g5 b3 47.g6 Rg2+ 48.Bxg2 b2 49.Bxc6 b1=Q+ 50.Kh2 Kxc6
51.Rg4 Qb2+ 52.Kg3 Qg7 53.Kh4 Kb5 54.Kg5 a4 55.Rf4 a3 56.Rf7 Qg8 57.Ra7 a2
58.Kf6 Qd8+  0-1

[Event "7th Stage Russian Cup"]
[Site "Togliatty RUS"]
[Date "2001.08.10"]
[Round "3"]
[White "Kadatsky,A"]
[Black "Kolesnikov,E"]
[Result "1-0"]
[WhiteElo "2258"]
[BlackElo "2361"]

1.e4 c5 2.Nf3 e6 3.d4 cxd4 4.Nxd4 a6 5.Nc3 Qc7 6.Be2 Nf6 7.O-O Bb4 8.Qd3 Nc6
9.Bg5 Ne5 10.Qe3 Bc5 11.Rad1 d6 12.Bxf6 gxf6 13.Qh6 Ng6 14.Kh1 Bd7 15.Qg7 Bxd4
16.Rxd4 Ke7 17.Qh6 Bc6 18.f4 Qb6 19.Rd3 Rag8 20.b3 f5 21.Bf3 fxe4 22.Bxe4 f5
23.Bf3 Qb5 24.Bxc6 bxc6 25.Ne2 Qc5 26.c4 Qa3 27.Ng3 Qb2 28.Qg5+ Kd7 29.Rfd1 h6
30.Rxd6+ Kc7 31.Qh5 Rd8 32.Rxd8 Rxd8 33.Rxd8 Kxd8 34.h3 Qc1+ 35.Kh2 Nxf4
36.Qxh6 Nd3 37.Qh8+ Kc7 38.Qg7+ Kc8 39.Qg8+ Kd7 40.Qg7+ Kc8 41.Qf8+ Kd7 42.Nh5 Qe3
43.Nf6+ Kc7 44.Qe7+ Kc8 45.Qd7+ Kb8 46.Qd6+ Kb7 47.Nd7 c5 48.Qxd3 Qf4+ 49.Qg3 Qd4
50.Qb8+  1-0

[Event "US Open"]
[Site "Framingham USA"]
[Date "2001.08.11"]
[Round "8"]
[White "Mulyar,M"]
[Black "Stripunsky,A"]
[Result "1/2-1/2"]
[WhiteElo "2430"]
[BlackElo "2514"]

1.e4 c5 2.Nf3 e6 3.d4 cxd4 4.Nxd4 a6 5.Nc3 Qc7 6.Be2 Nf6 7.O-O Nc6 8.Be3 Bb4
9.Na4 Be7 10.Nxc6 bxc6 11.Nb6 Rb8 12.Nxc8 Qxc8 13.Bd4 c5 14.Be5 Rb6 15.b3 Nxe4
16.Bxg7 Rg8 17.Be5 Bf6 18.f4 d6 19.Bxf6 Nxf6 20.a4 Ke7 21.a5 Rb4 22.Qd3  1/2-1/2

[Event "TCh-Rep. Srpska"]
[Site "Jahorina BIH"]
[Date "2001.08.11"]
[Round "1"]
[White "Gvozdenovic,Z"]
[Black "Pikula,D"]
[Result "0-1"]
[WhiteElo "2215"]
[BlackElo "2458"]

1.e4 c5 2.Nf3 e6 3.d4 cxd4 4.Nxd4 a6 5.Nc3 Qc7 6.Be3 Bb4 7.Qd2 Nf6 8.f3 d5
9.a3 Bxc3 10.bxc3 dxe4 11.c4 O-O 12.O-O-O Nbd7 13.Qb4 b6 14.Nb3 Bb7 15.fxe4 Bxe4
16.Qd6 Qb7 17.h3 Rfc8 18.Rg1 Bg6 19.Qf4 Nd5 20.Qf3 Ne5  0-1

[Event "Strange Badger"]
[Site "Bucharest ROM"]
[Date "2001.08.12"]
[Round "8"]
[White "Sebe,F"]
[Black "Trajkovic,P"]
[Result "1/2-1/2"]
[WhiteElo "2286"]
[BlackElo "2360"]

1.e4 c5 2.Nc3 e6 3.Nf3 a6 4.d4 cxd4 5.Nxd4 Nc6 6.Be2 Qc7 7.Be3 Nf6 8.Qd2 Bb4
9.f3 Ne5 10.a3 Be7 11.g4 h6 12.Rg1 Nc4 13.Bxc4 Qxc4 14.f4 b5 15.g5 hxg5 16.fxg5 Nh5
17.O-O-O g6 18.Nb3 b4 19.axb4 Qxb4 20.Bd4 O-O 21.Kb1 a5 22.e5 d5 23.Ne2 Qxd2
24.Nxd2 Ba6 25.Rde1 Bxe2 26.Rxe2 Ng7 27.Nf1 Nf5 28.Bf2 Kg7 29.Rg4 Rfc8 30.Ne3 Nxe3
31.Bxe3 a4 32.h4 Rc4 33.Rxc4 dxc4 34.Rd2 Ra5 35.Rd7 Kf8 36.Rc7 Ke8 37.Bd4 a3
38.Rxc4 axb2 39.Kxb2 Kd7 40.c3 Bd8 41.Bc5 Bc7 42.Rd4+ Ke8 43.Bd6 Bxd6 44.exd6 Rd5
45.Rxd5 exd5 46.Kb3 Kd7 47.Kb4 Kxd6 48.Kb5 d4 49.cxd4 Kd5 50.Kb6 Kxd4 51.Kc6 Ke5
52.Kd7 f5 53.gxf6 Kxf6 54.Ke8  1/2-1/2

[Event "TCh-Rep. Srpska"]
[Site "Jahorina BIH"]
[Date "2001.08.12"]
[Round "2"]
[White "Nikac,P"]
[Black "Podinic,V"]
[Result "1/2-1/2"]
[WhiteElo "2379"]
[BlackElo "2369"]

1.e4 c5 2.Nf3 e6 3.d4 cxd4 4.Nxd4 a6 5.Nc3 Qc7 6.Bd3 b5 7.O-O Bb7 8.Qe2 Nc6
9.Nxc6 Qxc6 10.Bd2 Nf6 11.Rae1 Bc5 12.Kh1 b4 13.Nd1 O-O  1/2-1/2

[Event "ch-FRA High Pool"]
[Site "Marsailles FRA"]
[Date "2001.08.13"]
[Round "9"]
[White "Fontaine,R"]
[Black "Bauer,Ch"]
[Result "1/2-1/2"]
[WhiteElo "2452"]
[BlackElo "2576"]

1.e4 c5 2.Nf3 e6 3.d4 cxd4 4.Nxd4 a6 5.Nc3 Qc7 6.g3 Bb4 7.Ne2 Nf6 8.Bg2 Be7
9.O-O d6 10.h3 Nc6 11.a4 b6 12.b3 Bb7 13.Bb2 Rd8 14.Nf4 O-O 15.Qe2 Rfe8 16.Rad1 Qb8
17.Rd2 Na7 18.Rfd1 b5 19.axb5 axb5 20.Nxb5 Ba6 21.c4 Nxb5 22.cxb5 Bxb5 23.Qe3 e5
24.Nd5 Nxd5 25.Rxd5 Bc6 26.R5d3 Qb4 27.Qc1 Qb6 28.Ba3 Bb5 29.Rd5 Be2 30.Re1 Ba6
31.Qd2 Qxb3 32.Bxd6 Bxd6 33.Rxd6  1/2-1/2